Human Resource Management in Public Service. (Record no. 348983)

000 -LEADER
fixed length control field 00455 a2200169 4500
020 ## - INTERNATIONAL STANDARD BOOK NUMBER
International Standard Book Number 9781412967433
022 ## - INTERNATIONAL STANDARD SERIAL NUMBER
International Standard Serial Number 9781412967433
082 ## - DEWEY DECIMAL CLASSIFICATION NUMBER
Classification number 352.6
090 ## - LOCALLY ASSIGNED LC-TYPE CALL NUMBER (OCLC); LOCAL CALL NUMBER (RLIN)
-- 6632
-- 6632
100 ## - MAIN ENTRY--PERSONAL NAME
Personal name Berman,Evan M.
245 ## - TITLE STATEMENT
Title Human Resource Management in Public Service.
Remainder of title Paradoxes,Processes,and Problems.
Statement of responsibility, etc. Evan M Berman.
250 ## - EDITION STATEMENT
Edition statement 3rd.
260 ## - PUBLICATION, DISTRIBUTION, ETC.
Place of publication, distribution, etc. New Delhi.
Name of publisher, distributor, etc. SAGE.
Date of publication, distribution, etc. 2010.
300 ## - PHYSICAL DESCRIPTION
Extent 434p.
500 ## - GENERAL NOTE
General note Hard cover
942 ## - ADDED ENTRY ELEMENTS (KOHA)
Institution code [OBSOLETE] nbs
Koha item type Book
Call number prefix 352.6 BER
Holdings
Withdrawn status Lost status Damaged status Not for loan Permanent Location Current Location Date acquired Total Checkouts Full call number Barcode Date last seen Date last checked out Price effective from Koha item type
        Central Library (CL) Central Library (CL) 08/28/2013 1 352.6 BER NBS8812 11/23/2017 08/22/2017 08/28/2013 Book
© 2023 Central Library, National University of Sciences and Technology. All Rights Reserved.